| 000 | 00694nam a22002057a 4500 | ||
|---|---|---|---|
| 003 | 0 | ||
| 005 | 20250414100713.0 | ||
| 008 | 250412b xxu||||| |||| 00| 0 eng d | ||
| 020 | _a978-1-138-56133-5 | ||
| 050 |
_aHD 1380 _b.T76 2021 |
||
| 100 | _aTsolacos, Sotiris | ||
| 245 |
_aApplied quantitative analysis for real estate _cSotiris Tsolacos and one other |
||
| 260 |
_aVanderbilt Avenue, New York _bRoutledge _c2021 |
||
| 300 |
_axv, 310 pages; _c25cm. |
||
| 504 | _aIncludes bibliographical references and indexes. | ||
| 650 | _aReal estate investment—Mathematical models. | ||
| 650 | _aReal estate investment—Mathematical models. | ||
| 700 | _aAndrew, Mark | ||
| 942 |
_2lcc _cBK |
||
| 999 |
_c367381 _d367381 |
||